Eleves de la CMD - Statistiques

Statistiques générales
  • Ce quiz a été pris 12 fois
  • Le résultat moyen est 41 sur 46
Statistiques - réponses
Prénom % Correct
Aichatou
100%
Alicia
100%
Alix
100%
Antoine
100%
Aurélie
100%
Camard
100%
Clément
100%
Aboubakar
100%
Valentin
100%
Elias
100%
Elisa
100%
Hervé
100%
Josse
100%
Leone
100%
Malo
100%
Maxence
100%
Orione
100%
Oumaima
100%
Regimbeau
100%
Samuel
100%
Soulès
100%
Vincent
100%
Alice
83%
Amaral
83%
Boussard
83%
Designe
83%
Alexis
83%
Dupont-Franklin
83%
Elouen
83%
Enéour
83%
Eudes
83%
Fiol
83%
Marwane
83%
Péron
83%
Rémi
83%
Rozycki
83%
Simon
83%
Simonnet
83%
Tanwir
83%
Fellah
67%
Himeur
67%
Mohamed
67%
Molin
67%
Morhodi
67%
Ouedraogo
50%
Ousman
50%
Aucun quiz correspondant
Distribution des résultats
% des personnes avec chaque résultat
Percentile par nombre de réponses
Votre historique - résultats
Vous n’avez pas pris ce quiz